000 00449nam a2200169Ia 4500
003 GCL
008 140319s9999 xx 000 0 eng d
040 _aGCL /
_cGCL
082 0 4 _a658.8
_bW M
100 1 _aWORSAM, MIKE
245 1 0 _aMARKETING OPERATIONS 1996 - 1997 /
_cWORSAM, MIKE
260 _a[S.N] :
_bBUTTERWORTH ،
_c1996
300 _a395 P
650 0 4 _aEXAMINATIONS QUESTIONS
650 0 4 _aMARKETING - GREAT BRITAIN
942 _2ddc
_cBK
999 _c13831
_d13831